| 000 | 01411cam a2200409 a 4500 | ||
|---|---|---|---|
| 001 | 3924016 | ||
| 005 | 20260119154149.0 | ||
| 008 | 920824s1993 ncua 001 0 eng | ||
| 010 | _a 92031100 | ||
| 020 |
_a1566040078 : _c$27.95 |
||
| 020 | _a9781566040075 | ||
| 035 | _a3924016 | ||
| 040 |
_aDLC _cDLC _dDLC |
||
| 050 | 0 | 0 |
_aT385 _b.H37 1993 |
| 082 | 0 | 0 |
_a620.0042 HEA _220 |
| 100 | 1 |
_aHead, George O., _d1945- _9132823 |
|
| 110 |
_aJan Doster Head. _9132824 |
||
| 245 | 1 | 0 |
_a1000 AutoCAD tips & tricks / _cGeorge O. Head & Jan Doster Head. |
| 250 | _a3rd ed. | ||
| 260 |
_aChapel Hill, NC : _bVentana Press, _cc1993. |
||
| 300 |
_axlix, 686 p. : _bill. ; _c24 cm. |
||
| 336 |
_atext _btxt _2rdacontent |
||
| 337 |
_aunmediated _bn _2rdamedia |
||
| 338 |
_avolume _bnc _2rdacarrier |
||
| 440 | 0 |
_aAutoCAD reference library _9132825 |
|
| 500 | _a"For release 12." | ||
| 500 | _aIncludes indexes. | ||
| 630 | 0 | 0 |
_aAutoCAD. _96344 |
| 650 | 0 |
_aComputer graphics. _91225 |
|
| 700 | 1 |
_aHead, Jan Doster. _940483 |
|
| 740 | 0 | _a1,000 AutoCAD tips and tricks. | |
| 740 | 0 | _aOne thousand AutoCAD tips & tricks. | |
| 906 |
_a7 _bcbc _corignew _d1 _eocip _f19 _gy-gencatlg |
||
| 942 |
_2ddc _cBK |
||
| 999 |
_c615858 _d615858 |
||